| 000 | 01355nam a2200253 a 4500 | ||
|---|---|---|---|
| 001 | 40244 | ||
| 003 | BD-RjUL | ||
| 005 | 20211209053157.0 | ||
| 008 | 160809s1991 bg ||||| |||| 000 0 ben d | ||
| 020 |
_a9840726064 _c: Tk.40.00 |
||
| 035 | _a(BD-RjUL)40359 | ||
| 040 |
_aBD-RjUL _bben _cBD-RjUL |
||
| 041 | _aben | ||
| 082 |
_223 _a323.34 _bKER 1991 |
||
| 100 |
_aকেলি, রিটা মে. _9123975 |
||
| 245 | 1 | 0 |
_aরাজনৈতিক নারীর অভ্যূদয় : _bসামাজিকীকরণ প্রক্রিয়া ও ভূমিকা-দ্বন্দ্বের সমীক্ষা / _cরিটা মে কেলি, মেরী বুটিলিয়ার ; অনুবাদ : নূরুল ইসলাম খান ; সম্পাদনা : আফতাব হোসেন. |
| 260 |
_aঢাকা : _bবাংলা একাডেমী, _c১৯৯১. |
||
| 300 |
_a[১০], ৩৭১ পৃ. ; _c২২ সেমি. |
||
| 490 |
_aবাএ _v২৫৯৭ |
||
| 650 |
_a রাজনীতি ও নারী _9123976 |
||
| 650 |
_aPolitical Women _9123977 |
||
| 700 |
_aবুটিলিয়ার, মেরী ; অনুবাদক : খান, নূরুল ইসলাম ; সম্পাদক : হোসেন, আফতাব. _9123978 |
||
| 942 |
_2ddc _cBK |
||
| 999 |
_c40244 _d40244 |
||